5HLuxD.jpg

KING HENRY VIII SENIOR AND PRIMARY SCHOOL LIBRARY OPAC

A little book of language / (Record no. 272)

000 -LEADER
fixed length control field 00881nam a2200289 a 4500
001 - CONTROL NUMBER
control field 017527076
003 - CONTROL NUMBER IDENTIFIER
control field UkOxU
005 - DATE AND TIME OF LATEST TRANSACTION
control field 20190805091720.0
008 - FIXED-LENGTH DATA ELEMENTS--GENERAL INFORMATION
fixed length control field 101101r20112010ctua b 001 0 eng d
015 ## - NATIONAL BIBLIOGRAPHY NUMBER
National bibliography number GBB0E2001
Source bnb
020 ## - INTERNATIONAL STANDARD BOOK NUMBER
International Standard Book Number 9780300170825 (pbk.)
020 ## - INTERNATIONAL STANDARD BOOK NUMBER
International Standard Book Number 0300170823 (pbk.)
035 ## - SYSTEM CONTROL NUMBER
System control number (Uk)015705781
035 ## - SYSTEM CONTROL NUMBER
System control number (StEdALDL)1/2512863
040 ## - CATALOGING SOURCE
Original cataloging agency StDuBDS
Language of cataloging eng
Transcribing agency StDuBDS
082 04 - DEWEY DECIMAL CLASSIFICATION NUMBER
Classification number 400 CRY
Edition number 22
100 1# - MAIN ENTRY--PERSONAL NAME
Personal name Crystal, David,
Dates associated with a name 1941-
Relator term author
245 12 - TITLE STATEMENT
Title A little book of language /
Statement of responsibility, etc. David Crystal.
260 ## - PUBLICATION, DISTRIBUTION, ETC.
Place of publication, distribution, etc. New Haven, Conn. ;
-- London :
Name of publisher, distributor, etc. Yale University Press,
Date of publication, distribution, etc. 2011.
300 ## - PHYSICAL DESCRIPTION
Extent 260 p. :
Other physical details ill. ;
Dimensions 22 cm.
500 ## - GENERAL NOTE
General note Originally published: 2010.
504 ## - BIBLIOGRAPHY, ETC. NOTE
Bibliography, etc. note Includes bibliographical references and index.
650 #0 - SUBJECT ADDED ENTRY--TOPICAL TERM
Topical term or geographic name entry element Language acquisition.
942 ## - ADDED ENTRY ELEMENTS (KOHA)
Source of classification or shelving scheme
Koha item type Books - Non Ficton
Holdings
Withdrawn status Lost status Source of classification or shelving scheme Damaged status Not for loan Collection code Permanent Location Current Location Shelving location Date acquired Total Checkouts Full call number Barcode Date due Date last seen Date last checked out Price effective from Koha item type
          Non-Fiction KH8 Senior School Library KH8 Senior School Library Non Fiction 2019-08-05 1 400 CRY 3KHSL000100186 2025-05-04 2025-04-24 2025-04-24 2019-08-05 Books - Non Ficton

Powered By KH8 IT Dept